02292nam a2200337 a 450000100100000000500170001000800410002702000150006804000250008308200230010810000470013124501560017826000380033430000200037250000640039250504840045659000260094065000420096665000310100870000440103970000490108370000400113271000780117291000380125095201350128895201350142395201200155895201260167895201350180499900150193900000945720250204073951.0090930s2003 dr g n 001 pdspa d a9993433578 aDO-SdBNPbspacBNPHU aRD861.4208bM843tr1 aMoreno Jimenes, Domingo,d1894-198691953414aLos triálogos :bpoesía a tres voces /cDomingo Moreno Jimenes, Alberto Baeza Flores, Mariano Lebrón Saviñón ; editor Tomás Castro Burdiez. aSanto Domingo :bEDUCARTE,c2003. a83 p. ;c21 cm. aIncluye datos biográficos del autor en la contracubierta.0 gPresentación a la nueva edición de Los Triálogos /rMario José Lebrón --gUnas notas a los cuarenta años de la primera edición de Los Triálogos /rAlberto Baeza Flores --tÉramos tres /rMariano Lebrón Saviñón --tDomingo Moreno Jimenes: El prólogo que no se escribió --tTriálogos: poesía a tres voces --tInfinitestética: Tercer libro de los Triálogos --tCosmohombre: El cuarto libro de los Triálogos --tTres dimensiones de un prólogo. aInventariado, 2018/VM 4aPoesía dominicanaxColecciones9351 0aLiteratura dominicana.96712aBaeza Flores, Alberto,d1914-19989756512aLebrón Saviñon, Marianod1922-201497227 2aCastro, Tomás,d1959-eed.9246412 aFundación para la Educación y el Arte (República Dominicana)920186 aValidado. Control de calidad EMS. 001054708DSaGRbGRcHDd2009-09-30iLF1l0oRD861.4208 M843trp9457-30r2020-06-25te. 3w2020-06-25yLFDSZPréstamo en sala 001054708DSaGRbGRcHDd2010-02-04iLF1l0oRD861.4208 M843trp9457-50r2020-06-25te. 5w2020-06-25yLFDSZPréstamo en sala 0010718PDaPDbPDcHDd2009-09-30iLF1l0oRD861.4208 M843trp9457-10r2020-06-25w2020-06-25yLFPDZNo se presta 0010718PDaPDbPDcHDd2009-09-30iLF1l0oRD861.4208 M843trp9457-20r2020-06-25te. 2w2020-06-25yLFPDZNo se presta 001054708DSaPDbPDcHDd2010-02-04iLF1l0oRD861.4208 M843trp9457-40r2020-06-25te. 4w2020-06-25yLFDSZPréstamo en sala c9217d9217